Der schlesische Adel von 1740 bis heute

Titel: Der schlesische Adel von 1740 bis heute : Ein Turnier im Jahr 1800
Verfasser:
In: Adel in Schlesien und in der Oberlausitz ; 2. Mittelalter, Neuzeit, Gegenwart, (2014), Seite 18-31, 6 Abb.
alle Artikel anzeigen
Veröffentlicht: 2014
Format: Aufsatz
Sprache: Deutsch; Polnisch
Kein Bild verfügbar
X
alg: 39231822
001A    $01999:11-11-16 
001B    $01999:26-04-21 $t20:17:19.000 
001D    $01999:11-11-16 
001U    $0utf8 
001X    $00 
002@    $0Aox 
003@    $0392318229 
007A    $0392318229 $aHEB 
007T    $0Herdc0106368m 
010@    $ager $apol 
011@    $a2014 
021A    $aDer @schlesische Adel von 1740 bis heute $dEin Turnier im Jahr 1800 
027A    $aŚląska szlachta od 1740 roku do dzisiaj. turniej rycerski w roku 1800 
028A    $7130825255 $8Donig, Simon$Z1976- [Tp3] $9160853893 
031A    $h18-31, 6 Abb. $j2014 
037A    $aDeutscher und polnischer Text 
037A    $aTekst w języku polskim i niemieckim  
039B    $aIn $8--Afu--. Adel in Schlesien und in der Oberlausitz ; 2. Mittelalter, Neuzeit, Gegenwart. - Dresden : Sandstein, 2014. - 340 Seiten. - Illustrationen, Karten. - ISBN 978-3-95498-097-0 $x201400000000000982 $9348080239 
045F    $a306.09438 $eDDC23BSB 
045F/01 $a306.09 
045F/03 $g438 
045F/03 $g4385 
046B    $aParallelt.: Śląska szlachta od 1740 roku do dzisiaj. turniej rycerski w roku 1800 

lok: 39231822 78

exp: 39231822 78 1 #EPN
201B/01 $019-04-17 $t11:10:29.000 
201U/01 $0utf8 
203@/01 $0788415565 
208@/01 $a11-11-16 $be 
209A/01 $a/ $f000 $x00 
220C/01 $aTitelaufnehmer: pg 
220C/01 $aHerkunft: HI Marburg 
244Z/01 $2Trx $#Silesia $#Śląsk $#Sliezsko $#Slezsko $8--Trx--Schlesien $x01 $9391173987 
244Z/01 $2Trx $#Poola $#Lenkija $#Polija $#Polen Land $#Poland $#Lengyelország $#Poľsko $#Polsko $8--Trx--Polska$gkraj $x02 $9391345966 
244Z/01 $aGeschichte 1740-1989 $x03 
244Z/01 $2Trx $#aadel Sileesia $#Silezijos bajorai $#gentry Silesia $#nemesség Szilézia $#szlachta Śląsk $#šľachta Sliezsko $#šlechta Slezsko $8--Trx--Adel$gSchlesien $x04 $9391354418 
244Z/01 $2Trx $#turniirid Keskaeg $#viduramžių turnyrai $#tournaments Middle Ages $#versenyek középkor $#turnieje średniowiecze $#turnaje stredovek $#turnaje středověk $8--Trx--Turniere$gMittelalter $x05 $939135888X 
244Z/01 $2Trx $8--Trx--Einzelbeiträge $x06 $9391384570 
245Z/01 $a09.08 $x01 
247C/01 $82080>Marburg/Lahn, Herder-Institut, Forschungsbibliothek, Bibliographieportal $9336309341
LEADER 00000caa a22000002c 4500
001 392318229
003 DE-603
005 20210426201719.0
007 tu
008 161111s2014 xx |||| | u00||u|ger c
035 |a (DE-599)HEB392318229 
040 |a DE-603  |b ger  |c DE-603  |d DE-603 
041 |a ger  |a pol 
082 0 4 |8 1\u  |a 306.09438  |q DE-101  |2 23/BSB 
085 |8 1\u  |b 306.09 
085 |8 1\u  |z 2  |s 438 
085 |8 1\u  |z 2  |s 4385 
100 1 |a Donig, Simon  |d 1976-  |0 (DE-603)160853893  |0 (DE-588)130825255  |2 gnd 
245 0 0 |a ˜Derœ schlesische Adel von 1740 bis heute  |b Ein Turnier im Jahr 1800 
246 0 1 |i Parallelt.  |a Śląska szlachta od 1740 roku do dzisiaj. turniej rycerski w roku 1800 
246 1 3 |a Śląska szlachta od 1740 roku do dzisiaj. turniej rycerski w roku 1800 
264 0 |c 2014 
500 |a Deutscher und polnischer Text 
500 |a Tekst w języku polskim i niemieckim <pol> 
773 0 8 |i In  |t Adel in Schlesien und in der Oberlausitz ; 2. Mittelalter, Neuzeit, Gegenwart  |d Dresden : Sandstein, 2014  |h 340 Seiten, Illustrationen, Karten  |z 9783954980970  |z 3954980975  |g (2014), Seite 18-31, 6 Abb.  |w (DE-603)348080239 
924 0 |9 2080  |a (DE-603)788415565  |b DE-2080  |c HES  |d d  |g /